00678 2200253 4500001002100000008004100021035002000062245003600082100001400118110001400132260003500146300001200181020001800193084001400211082000800225650004600233990002100279990001900300990002100319990002100340990002100361990002100382990002100403INLIS000000000001166 ind  a0010-0724001166 aBudidaya Cabai MerahcHarwimuka aHarwimuka aHarwimuka aSurabayabInsan Cendekiac2013 a66 hlm. a979-9408-89-X a633 HAR b a633 aTanaman Persawahan dan Tanaman Perkebunan aP29/CP/24/1166.2 aP29/CP/24/1166 aP29/CP/24/1166.1 aP29/CP/24/1166.3 aP29/CP/24/1166.4 aP29/CP/24/1166.5 aP29/CP/24/1166.6